Najaktywniejsze państwa podczas 3 Wojny Światowej - Statystyki

Ogólne statystyki
  • Ten quiz został rozwiązany 104 razy
    54 od ostatniego zresetowania
  • Średni wynik to 20 z 30
Statystyki odpowiedzi
Miejsce Państwo % Poprawnych
1. USA
100%
6. Francja
98%
23. Polska
98%
3. Rosja
98%
4. Niemcy
95%
2. Chiny
93%
5. Wielka Brytania
93%
8. Kanada
88%
21. Hiszpania
85%
10. Japonia
85%
11. Włochy
83%
7. Indie
76%
9. Australia
68%
14. Korea Północna
68%
17. Korea Południowa
68%
25. Egipt
63%
15. Turcja
63%
12. Brazylia
61%
18. Iran
61%
20. Arabia Saudyjska
59%
16. Pakistan
54%
24. Indonezja
49%
19. Izrael
49%
26. Irak
46%
29. Holandia
37%
13. Tajwan
37%
22. Wietnam
37%
28. Tajlandia
29%
30. Malezja
20%
27. Filipiny
17%
Nie znaleziono quizów pasujących do podanych kryteriów
Rozkład punktacji
Procent ludzi z każdym wynikiem
Percentyl według liczby udzielonych odpowiedzi
Twoja historia wyników
Nie rozwiązałeś tego quizu od ostatniego zresetowania